000 00515ntaaa2200193 4500
003 01
005 20251027201256.0
008 0714s1973 ag 01
040 _aAR-BaBN
_bspa
_cAR-BaBN
_eaacr
_dRIC
082 _a221.0000 McF16
100 _aMcFadyen, John Edgar
245 _aApproach to the Old Testament
250 _a1 ed. :
_bJames Clarke and Co., Ltd.,
_cc1926
300 _a252 p.
650 _aBiblia-Antiguo Testamento
650 _aAntiguo Testamento
650 _aTeología Bíblica
_9313
942 _cBK
999 _c7145
_d7145